000
00287nam a2200097Ia 4500
008
220204s9999 xx 000 0 und d
082
_a
339.5
_b
IND
245
0
_a
Indian cashew in international trade facts and figures
260
_a
Cochin
_b
Cashew Export Promotion council
_c
1975
942
_c
BK
999
_c
24260
_d
24260